000 00302nam a2200133Ia 4500
008 191201s2013 xx 000 0 und d
100 _aHIBBELER, RC
245 0 _aStructural Analysis
250 _aRep
260 _aN. Delhi
_bPearson
_c2013
300 _a640
650 _aB.Tech(CE)
942 _2ddc
_cBK
999 _c5596
_d5596